Sacro istante di lei /

সংরক্ষণ করুন:
গ্রন্থ-পঞ্জীর বিবরন
প্রধান লেখক: Pollet, Sabina (লেখক)
বিন্যাস: গ্রন্থ
ভাষা:ইতালিয়
প্রকাশিত: Torino : Fondazione Sandro Penna, 2006
মালা:Ganimedia ; 4
ট্যাগগুলো: ট্যাগ যুক্ত করুন
কোনো ট্যাগ নেই, প্রথমজন হিসাবে ট্যাগ করুন!

MARC

LEADER 00000nam a22000007i 4500
001 IT\ICCU\UBO\3638419
003 ItRI
005 20260115232345.0
008 090522s2006 it |||||| ||||| |||||c
040 |b ita  |c importazione bologna sebina 
041 7 |a ita  |2 ISO-639-2 
100 1 |a Pollet, Sabina  |0 IT\ICCU\BVEV\140726  |4 aut 
245 1 0 |a Sacro istante di lei /  |c Sabina Pollet. 
260 |a Torino :  |b Fondazione Sandro Penna,  |c 2006 
300 |a 19 p. ;  |c 22 cm 
500 |a Tit. della cop. 
830 0 |a Ganimedia ;  |v 4  |0 IT\ICCU\UBO\3638420 
942 |2 ddc  |c BK  |n 0 
952 |0 0  |1 0  |4 0  |6 DOC_851_920000000000000_POL  |7 0  |9 24729  |a BO  |b BO  |d 2026-01-15  |i 12782  |l 0  |o DOC 851.92 POL  |p BO12782  |r 2026-01-15 23:23:45  |w 2026-01-15  |x [Sebina 5] [1 v.]  |y BK  |z 1 v. 
999 |c 21020  |d 21020